000 00679nam a2200229Ii 4500
003 JO-AjNU
008 230605s9999||||xx |||||||||||||| ||und||
017 _a2014/8/4107
020 _a978-9957-490-92-8
040 _aJO-AjNU
_bara
_erda
_cJO-AjNU
041 _aara
050 1 4 _aPJ7862 2015
100 3 _aتأليف أبوجودة،عيسى,
_eauthor
_950229
245 0 0 _aفضيحة المجاز
250 _aط1
264 3 1 _aعمان:دار المعتز،2015
300 _a81ص
336 _atext
_btxt
_2rdacontent
337 _aunmediated
_bn
_2rdamedia
338 _avolume
_bnc
_2rdacarrier
650 4 _aالشعر العربي - العصر الحديث
_950230
999 _aA22113
_c25681
_d25681